00359nam a2200145Ia 4500008004100000020001500041041001200056100001500068245004800083250000800131260003300139300001300172650001200185700001600197221030s9999 xx 000 0 und d a8126510894 aEnglish aR. Resnick 0aPhysics Vol. IIcby R. Resnick, D. Halliday a5th bWiley IndiaaNew Delhic2010 a567-1198 aPhysics aD. Halliday